| 000 | 00923nam0a22002531 4500 | ||
|---|---|---|---|
| 001 | rc\3920191 | ||
| 005 | 20250611022814.0 | ||
| 021 |
_aRU _b[54-14878] |
||
| 035 | _a(NLR Aleph) 008025286 | ||
| 090 |
_a8786623 _c8786623 |
||
| 100 | _a20130415d1954 |||y0rusy50 ca | ||
| 101 | 0 | _arus | |
| 102 | _aRU | ||
| 105 | _aa j ||||| | ||
| 200 | 1 |
_aЛекции по начертательной геометрии _e(Конспект) _fМ-во высш. образования СССР. Моск. ордена Ленина энергет. ин-т им. В.М. Молотова |
|
| 210 |
_aМосква _cБ. и. _d1954 |
||
| 215 |
_a220 с. _cчерт. _d21 |
||
| 606 |
_aНачертательная геометрия _2psbo |
||
| 700 | 1 |
_aБрызгалов _bН.Н. _gНиколай Николаевич |
|
| 801 | 0 |
_aRU _bNLR _gpsbo |
|
| 801 | 1 |
_aRU _bELAR _2rusmarc |
|
| 852 |
_aNLR _jМт02 Г-3/305 |
||
| 942 | _cBOOK | ||
| 980 | _aNB | ||